000 00566nam a22001815i 4500
001 54211
003 ES-MaACL
005 20230906162921.0
007 t|
008 960714m18841895it ||||1| ita d
040 _aCAM
_bspa
_cCAM
100 1 _aFinzi, Giuseppe.
_950931
245 1 0 _aLezioni di storia della litteratura italiana /
_ccompilate ad uso dei Licei da Giuseppe Finzi.
260 _aTorino :
_bErmanno Loescher,
_c1884-1895.
300 _a5 v. ;
_c20 cm.
650 4 _aLiteratura italiana-
_xHistoria y crítica.
_914631
852 _aES-MaACL
_jB-2586-90
999 _c54211
_d54211